Missing Word: Songs and Movies II Quiz Stats

Quiz Updated Mar 3, 2016

Challenge
Share
Tweet
Embed
Score 0/30 Timer 02:00
1 Play Today
Movie Word % Correct
The Good, the ____, and the UglyBad
94.8%
Jurassic ____Park
94.7%
Gone with the ____Wind
93.1%
Groundhog ____Day
93.1%
____ Upon a Time in the WestOnce
92.2%
The Empire Strikes ____Back
91.9%
Monty Python and the ____ GrailHoly
91.2%
Singin' in the ____Rain
91.2%
Million Dollar ____Baby
91.1%
The ____ of the LambsSilence
89.6%
The ____ LebowskiBig
88.6%
____ HardDie
88.3%
Little Miss ____Sunshine
87.5%
Blades of ____Glory
84.3%
2001: A ____ OdysseySpace
82.8%
Movie Word % Correct
Full Metal ____Jacket
80.8%
____ DriverTaxi
80.1%
There Will Be ____Blood
74.3%
____ NoonHigh
74%
____ HourRush
73.3%
Into the ____Wild
66.8%
Spirited ____Away
65.8%
It's a ____ LifeWonderful
64.7%
____ ConfidentialL.A.
63%
Requiem for a ____Dream
60.4%
Strangers on a ____Train
54.3%
____ PizzaMystic
49.9%
____ of MenChildren
46.6%
____ ValentineBlue
38.5%
____ for the ProsecutionWitness
32.4%

Today's Daily Dose

Missing Word
Fruity Song Titles

Quick Pick
Double Blanks

On This Day
June 22nd II

You're not logged in!

Compare scores with friends on all Sporcle quizzes.
Join for Free
OR
Log In

You Might Also Like...

Show Comments

Extras

Top Quizzes Today


Score Distribution

Your Account Isn't Verified!

In order to create a playlist on Sporcle, you need to verify the email address you used during registration. Go to your Sporcle Settings to finish the process.

Report this User

Report this user for behavior that violates our Community Guidelines.

Details: